| 000 | 00716nam a22001577a 4500 | ||
|---|---|---|---|
| 003 | OSt | ||
| 005 | 20150922154809.0 | ||
| 008 | 150922b xxu||||| |||| 00| 0 eng d | ||
| 040 | _cRUA | ||
| 082 | _aAGR THO 2007 B035 Or.1 | ||
| 100 |
_91133 _aTHO KIM EANG |
||
| 245 | _aStudying on the import pests of sweet orange in banorn district,battambang province,(កាសិក្សាទៅលើកត្តាបំផ្លាញសំខាន់ៗទៅលើផលិតកម្មដំណាំក្រូចពោធិ៍សាត់ នៅស្រុកបាណន់ ខេត្តបាត់ដំបង) | ||
| 260 |
_aphnom penh _bRUA _c2007 |
||
| 300 |
_axviii,76p. _cill. _g29cm. |
||
| 942 |
_2ddc _cAGR |
||
| 999 |
_c1083 _d1083 |
||